Catálogo

Sobotta Welsch : (Registro nro. 55093)

Detalles MARC
000 -LEADER
fixed length control field 01048cam a2200301 i 4500
001 - CONTROL NUMBER
control field 55093
003 - CONTROL NUMBER IDENTIFIER
control field Mx-PuUPA
005 - DATE AND TIME OF LATEST TRANSACTION
control field 20220328140055.0
008 - FIXED-LENGTH DATA ELEMENTS--GENERAL INFORMATION
fixed length control field 140415s2010 sp a r 000 0 spa d
020 ## - INTERNATIONAL STANDARD BOOK NUMBER
International Standard Book Number 9788498351781
040 ## - CATALOGING SOURCE
Original cataloging agency Mx-PuUPA
Language of cataloging spa
Transcribing agency Mx-PuUPA
Modifying agency Mx-PuUPA
Description conventions rda
041 0# - LANGUAGE CODE
Language code of text/sound track or separate title spa
100 1# - MAIN ENTRY--PERSONAL NAME
Personal name Welsch, Ulrich,
Relator term autor
9 (RLIN) 3133
240 10 - UNIFORM TITLE
Uniform title Sobotta lehrbuch histologie 2.
Language of a work Español
245 10 - TITLE STATEMENT
Title Sobotta Welsch :
Remainder of title histología /
Statement of responsibility, etc. Ulrich Welsch ; traducción Jorge Horacio Negrete.
246 30 - VARYING FORM OF TITLE
Display text Histología.
250 ## - EDITION STATEMENT
Edition statement 2a edición, completamente revisada
264 #1 - PRODUCTION, PUBLICATION, DISTRIBUTION, MANUFACTURE, AND COPYRIGHT NOTICE
Place of production, publication, distribution, manufacture Madrid, España :
Name of producer, publisher, distributor, manufacturer Editorial Médica Panamerica,
Date of production, publication, distribution, manufacture, or copyright notice 2010
300 ## - PHYSICAL DESCRIPTION
Extent xii, 676 páginas :
Other physical details ilustraciones (principalmente color) ;
Dimensions 29 cm.
336 ## - CONTENT TYPE
Content type term texto
Fuente rdacontent
Content type code txt
337 ## - MEDIA TYPE
Media type term sin mediación
Source rdamedia
Media type code n
338 ## - CARRIER TYPE
Carrier type term volumen
Source rdacarrier
Carrier type code nc
650 #7 - SUBJECT ADDED ENTRY--TOPICAL TERM
Topical term or geographic name entry element Histología
Source of heading or term armarc
700 1# - ADDED ENTRY--PERSONAL NAME
Personal name Horacio Negrete, Jorge,
Relator term traductor
942 ## - ADDED ENTRY ELEMENTS (KOHA)
Source of classification or shelving scheme Dewey Decimal Classification
Koha item type Libro
Classification part 611.0181
Item part WEL
Existencias
Withdrawn status Lost status Source of classification or shelving scheme Damaged status Not for loan Collection code Home library Current library Shelving location Date acquired Source of acquisition Total Checkouts Full call number Barcode Date last seen Price effective from Koha item type Date last checked out
    Dewey Decimal Classification     General Biblioteca Karol Wojtyla Biblioteca Karol Wojtyla Sala general 03/12/2013 Compra   611.0181 WEL 2010 82779 05/01/2026 07/01/2015 Reserva permanente  
    Dewey Decimal Classification     General Biblioteca Karol Wojtyla Biblioteca Karol Wojtyla Sala general 03/12/2013 Compra   611.0181 WEL 2010 82780 05/01/2026 07/01/2015 Reserva permanente 22/01/2015
    Dewey Decimal Classification     General Biblioteca Karol Wojtyla Biblioteca Karol Wojtyla Sala general 03/12/2013 Compra   611.0181 WEL 2009 79608 05/01/2026 07/01/2015 Reserva permanente  
  Extraviado Dewey Decimal Classification   Consulta en sala General Biblioteca Karol Wojtyla Biblioteca Karol Wojtyla Sala general 03/12/2013 Compra   611.0181 WEL 82778   03/12/2013 Reserva permanente